Trophée champions des champions français - Statistiques

Statistiques générales
  • Ce quiz a été pris 64 fois
  • Le résultat moyen est 42 sur 90
Statistiques - réponses
Sportif Discipline Année % Correct
Teddy Riner Judo 2012
97%
Teddy Riner Judo 2016
97%
Teddy Riner Judo 2017
97%
Zinédine Zidane Football 1998
97%
Florent Manaudou Natation 2015
90%
Laure Manaudou Natation 2004
90%
Laure Manaudou Natation 2006
90%
Michel Platini Football 1977
85%
Michel Platini Football 1984
85%
Yannick Noah Tennis 1983
85%
Sébastien Loeb Rallye automobile 2007
81%
Sébastien Loeb Rallye automobile 2009
81%
Tony Parker Basket-ball 2003
81%
Tony Parker Basket-ball 2013
81%
Alain Prost Formule 1 1985
75%
Alain Prost Formule 1 1986
75%
Alain Prost Formule 1 1989
75%
Alain Prost Formule 1 1993
75%
Julian Alaphilippe Cyclisme 2019
75%
Nikola Karabatic Handball 2011
75%
David Douillet Judo 1995
73%
David Douillet Judo 2000
73%
Bernard Hinault Cyclisme 1978
69%
Bernard Hinault Cyclisme 1979
69%
Bernard Hinault Cyclisme 1980
69%
Bernard Hinault Cyclisme 1981
69%
Renaud Lavillenie Athlétisme 2014
68%
Marie-José Pérec Athlétisme 1992
64%
Marie-José Pérec Athlétisme 1996
64%
Alain Bernard Natation 2008
63%
Raymond Kopa Football 1955
63%
Raymond Kopa Football 1958
63%
Christophe Lemaitre Athlétisme 2010
61%
Jacques Anquetil Cyclisme 1963
61%
Raymond Poulidor Cyclisme 1974
61%
Marion Bartoli Tennis 2013
58%
Kevin Mayer Athlétisme 2018
54%
Jean-Claude Killy Ski alpin 1967
51%
Jean-Claude Killy Ski alpin 1968
51%
Jackson Richardson Handball 2001
49%
Guy Forget Tennis 1991
47%
Marcel Cerdan Boxe 1948
47%
Alain Giresse Football 1982
46%
Camille Muffat Natation 2012
44%
Henri Leconte Tennis 1991
44%
Luc Alphand Ski alpin 1997
44%
Bernard Thévenet Cyclisme 1975
41%
Guy Drut Athlétisme 1974
39%
Guy Drut Athlétisme 1975
39%
Guy Drut Athlétisme 1976
39%
Louison Bobet Cyclisme 1953
39%
Louison Bobet Cyclisme 1954
39%
Pauline Ferrand-Prévot Cyclisme 2014
39%
Pauline Ferrand-Prévot Cyclisme 2015
39%
Alain Mimoun Athlétisme 1949
37%
Alain Mimoun Athlétisme 1956
37%
Clarisse Agbegnenou Judo 2018
37%
Clarisse Agbegnenou Judo 2019
37%
Jeannie Longo Cyclisme 1987
29%
Tessa Worley Ski alpin 2017
29%
Florence Arthaud Voile 1990
27%
Jean-François Lamour Escrime 1988
27%
Ladji Doucouré Athlétisme 2005
27%
Luc Leblanc Cyclisme 1994
25%
Michel Jazy Athlétisme 1960
24%
Michel Jazy Athlétisme 1962
24%
Michel Jazy Athlétisme 1965
24%
Carole Montillet Ski alpin 2002
22%
Christian d'Oriola Escrime 1947
22%
Émilie Andéol Judo 2016
20%
Bruno Marie-Rose Athlétisme 1990
19%
Eunice Barber Athlétisme 1999
19%
Jean Boiteux Natation 1952
19%
Jean-Claude Bouttier Boxe 1971
19%
Daniel Morelon Cyclisme 1972
17%
Jean-Charles Trouabal Athlétisme 1990
17%
Marielle Goitschel Ski alpin 1964
17%
Daniel Sangouma Athlétisme 1990
15%
François Cevert Formule 1 1973
15%
Jean-Claude Nallet Athlétisme 1970
15%
Guy Périllat Ski alpin 1961
14%
Max Morinière Athlétisme 1990
14%
Nicole Duclos Athlétisme 1969
12%
Roger Rivière Cyclisme 1957
12%
Alain Mosconi Natation 1966
10%
Lucien Mias Rugby à XV 1959
8%
Régis Ovion Cyclisme 1971
8%
Jean Séphériades Aviron 1946
7%
Puig-Aubert Rugby à XIII 1951
7%
Papa Gallo Thiam Athlétisme 1950
5%
Aucun quiz correspondant
Distribution des résultats
% des personnes avec chaque résultat
Percentile par nombre de réponses
Votre historique - résultats
Vous n’avez pas pris ce quiz